| 000 | 00416nam a2200181Ia 4500 | ||
|---|---|---|---|
| 003 | 0100 | ||
| 008 | 130303s9999 xx 000 0 und d | ||
| 040 | _cARRUPELIB | ||
| 050 | _aBD161.F42 1991 | ||
| 100 | _aFeyerabend, Paul K | ||
| 245 | _aThree dialogues on knowledge | ||
| 260 | _aMassachusetts | ||
| 260 | _bBasil Blackwell | ||
| 260 | _C1991 | ||
| 300 | _a167p. | ||
| 300 | _b 23cm. | ||
| 942 |
_2lcc _05 |
||
| 999 |
_c60224 _d60224 |
||